[Event "Carlos Torre Memorial op 24th"]
[Site "Merida"]
[Date "2012.12.17"]
[Round "6"]
[White "Hernandez Carmenates, Holden"]
[Black "Huertas Carballo, Dayron"]
[Result "0-1"]
[WhiteElo "2562"]
[BlackElo "2363"]
[PlyCount "70"]
[EventDate "2012.12.14"]
[EventType "swiss"]
[EventRounds "9"]
[EventCountry "MEX"]
[SourceTitle "CBM 152 Extra"]
[Source "ChessBase"]
[SourceDate "2013.02.25"]
[SourceVersion "1"]
[SourceVersionDate "2013.02.25"]
[SourceQuality "1"]

1. d4 d5 2. c4 e6 3. Nc3 c6 4. Nf3 dxc4 5. g3 b5 6. Bg2 Nf6 7. 0-0 Bb7 8. a4 a6 9. Bg5 Nbd7 10. Ne5 Qc8 11. Nxd7 Nxd7 12. e4 b4 13. Ne2 a5 14. d5 e5 15. g4 Bd6 16. Ng3 g6 17. Qd2 Qc7 18. Rfc1 Ba6 19. Bf1 c3 20. bxc3 c5 21. Rab1 Qb7 22. Qe3 Rc8 23. Bh6 c4 24. Bg7 Rg8 25. Qh6 Bf8 26. Bxf8 Rxf8 27. Qxh7 b3 28. h4 Qb6 29. Qh6 Qf6 30. Bh3 Rh8 31. Qe3 Qxh4 32. Qa7 Nc5 33. d6 Qd8 34. Kg2 Qxd6 35. g5 Qc7 0-1

[Event "Carlos Torre Memorial op 21st"]
[Site "Merida"]
[Date "2008.12.16"]
[Round "6"]
[White "Huertas Carballo, Dayron"]
[Black "Nogueiras Santiago, Jesus"]
[Result "0-1"]
[WhiteElo "2353"]
[BlackElo "2574"]
[PlyCount "82"]
[EventDate "2008.12.13"]
[EventType "swiss"]
[EventRounds "9"]
[EventCountry "MEX"]
[SourceTitle "CBM 127 Extra"]
[Source "ChessBase"]
[SourceDate "2009.01.08"]
[SourceVersion "2"]
[SourceVersionDate "2009.01.28"]
[SourceQuality "1"]

1. d4 b5 2. e4 Bb7 3. f3 a6 4. Be3 g6 5. Bd3 Bg7 6. c3 d6 7. Ne2 Nd7 8. a4 bxa4 9. Qxa4 Ngf6 10. 0-0 0-0 11. Nd2 c5 12. b4 Ne8 13. bxc5 dxc5 14. Rfb1 Qc8 15. Nc4 Bc6 16. Qa3 Nc7 17. Nb6 Nxb6 18. Rxb6 Bb5 19. c4 cxd4 20. Bg5 Bd7 21. Bxe7 Re8 22. Bd6 Qd8 23. Qa5 Rc8 24. Nf4 Ne6 25. Nxe6 Bxe6 26. c5 Bh6 27. f4 Qh4 28. Qd2 g5 29. g3 Qh5 30. f5 Bd7 31. Be2 g4 32. Bf4 Bg7 33. Qd1 Rxe4 34. Bxg4 Re1+ 35. Qxe1 Qxg4 36. c6 Bxf5 37. Raxa6 d3 38. Ra4 Bf8 39. Rc4 Qf3 40. Rb5 Bh3 41. Rb2 Re8 0-1

[Event "Mexican op 54th"]
[Site "Aguascalientes"]
[Date "2008.03.23"]
[Round "9"]
[White "Huertas Carballo, Dayron"]
[Black "Zapata, Alonso"]
[Result "0-1"]
[WhiteElo "2353"]
[BlackElo "2475"]
[PlyCount "38"]
[EventDate "2008.03.18"]
[EventType "swiss"]
[EventRounds "9"]
[EventCountry "MEX"]
[SourceTitle "CBM 123 Extra"]
[Source "ChessBase"]
[SourceDate "2008.05.06"]
[SourceVersion "1"]
[SourceVersionDate "2008.05.06"]
[SourceQuality "1"]

1. d4 Nf6 2. Nc3 d5 3. Bg5 g6 4. Bxf6 exf6 5. e3 c6 6. Bd3 Bg7 7. Qf3 Na6 8. 0-0-0 0-0 9. g4 Nb4 10. Bf1 f5 11. gxf5 Bxf5 12. a3 a5 13. Rd2 b5 14. Bh3 Na2+ 15. Nxa2 Be4 16. Qe2 Bxh1 17. f3 Re8 18. Rd3 Bh6 19. Kd2 Qg5 0-1

[Event "Carlos Torre Memorial op 20th"]
[Site "Merida"]
[Date "2007.12.16"]
[Round "2"]
[White "Huertas Carballo, Dayron"]
[Black "Arencibia Rodriguez, Walter"]
[Result "1-0"]
[WhiteElo "2338"]
[BlackElo "2562"]
[PlyCount "81"]
[EventDate "2007.12.15"]
[EventType "swiss"]
[EventRounds "9"]
[EventCountry "MEX"]
[SourceTitle "CBM 121 Extra"]
[Source "ChessBase"]
[SourceDate "2008.01.10"]
[SourceVersion "1"]
[SourceVersionDate "2008.01.10"]
[SourceQuality "1"]

1. d4 d5 2. Nc3 Nf6 3. Bg5 Nbd7 4. Qd3 e6 5. e4 dxe4 6. Nxe4 Be7 7. Nxf6+ Nxf6 8. Nf3 0-0 9. 0-0-0 b6 10. Ne5 Bb7 11. Qh3 Ne4 12. Be3 Ng5 13. Qh5 g6 14. Qh6 Ne4 15. h4 Bf6 16. Qf4 Bg7 17. f3 Nf6 18. Qh2 Nd5 19. Bd2 f6 20. Nd3 Rf7 21. h5 g5 22. h6 Bf8 23. f4 Bd6 24. g3 c5 25. c4 Nb4 26. Nxb4 Bxh1 27. Qxh1 cxb4 28. Qe4 Qe8 29. fxg5 f5 30. Qe1 a5 31. Bf4 Qc6 32. d5 Bxf4+ 33. gxf4 exd5 34. Bg2 Re8 35. Qf1 Re4 36. Bxe4 dxe4 37. Rd8+ Rf8 38. Rd5 e3 39. Qd3 Re8 40. Qd4 Re7 41. Rd8+ 1-0

[Event "Mexico City Icaro op"]
[Site "Mexico City"]
[Date "2007.04.27"]
[Round "1"]
[White "Huertas Carballo, Dayron"]
[Black "Rojas Alarcon, Julian Antonio"]
[Result "1/2-1/2"]
[WhiteElo "2338"]
[BlackElo "2132"]
[PlyCount "50"]
[EventDate "2007.04.27"]
[EventType "swiss"]
[EventRounds "9"]
[EventCountry "MEX"]
[SourceTitle "CBM 118 Extra"]
[Source "ChessBase"]
[SourceDate "2007.07.04"]
[SourceVersion "1"]
[SourceVersionDate "2007.07.04"]
[SourceQuality "1"]

1. d4 Nf6 2. c4 g6 3. f3 Bg7 4. e4 d6 5. Ne2 Nc6 6. d5 Ne5 7. Nec3 e6 8. Bg5 h6 9. Be3 a6 10. Be2 exd5 11. cxd5 b5 12. Qd2 g5 13. a4 b4 14. Nd1 a5 15. Nf2 Qe7 16. Qc1 Ba6 17. Bxa6 Rxa6 18. 0-0 c5 19. dxc6 Rxc6 20. Qd1 0-0 21. Nd2 Rfc8 22. Nb3 Nc4 23. Bc1 Nd7 24. Nd4 Bxd4 25. Qxd4 Qe5 1/2-1/2

[Event "Carlos Torre Memorial op 19th"]
[Site "Merida"]
[Date "2006.12.14"]
[Round "1"]
[White "Vargas Hernandez, Fanny Cristina"]
[Black "Huertas Carballo, Dayron"]
[Result "0-1"]
[WhiteElo "1929"]
[BlackElo "2338"]
[PlyCount "82"]
[EventDate "2006.12.14"]
[EventType "swiss"]
[EventRounds "9"]
[EventCountry "MEX"]
[SourceTitle "CBM 115 Extra"]
[Source "ChessBase"]
[SourceDate "2007.01.10"]
[SourceVersion "1"]
[SourceVersionDate "2007.01.10"]
[SourceQuality "1"]

1. e4 e5 2. Nf3 d6 3. Bc4 Be7 4. d3 Nf6 5. Nc3 0-0 6. h3 c6 7. Bd2 b5 8. Bb3 a5 9. a3 Na6 10. 0-0 Nc5 11. Ba2 Be6 12. Bb1 b4 13. Ne2 Qb6 14. Qe1 b3 15. Bc3 Qa6 16. Nc1 Nfd7 17. Qd1 Rab8 18. cxb3 Nxb3 19. Nxb3 Bxb3 20. Bc2 Bxc2 21. Qxc2 c5 22. Nd2 f5 23. f3 a4 24. Nc4 Bg5 25. Ba5 Rb3 26. Bc3 Bf4 27. Na5 Rb5 28. Qxa4 Nb6 29. Qc2 Rxa5 30. Bxa5 Qxa5 31. exf5 Kh8 32. Kh1 Nd5 33. Qf2 Be3 34. Qe1 Qd8 35. Rb1 Qg5 36. Kh2 Qxf5 37. Qe2 h5 38. Ra1 h4 39. a4 Qg5 40. a5 Qg3+ 41. Kh1 Bf4 0-1

[Event "MEX-ch op 52nd "]
[Site "Mexico City"]
[Date "2006.04.15"]
[Round "7"]
[White "Hernandez Guerrero, Gilberto Eduardo"]
[Black "Huertas Carballo, Dayron"]
[Result "1/2-1/2"]
[WhiteElo "2530"]
[BlackElo "2291"]
[PlyCount "54"]
[EventDate "2006.04.11"]
[EventType "swiss"]
[EventRounds "9"]
[EventCountry "MEX"]
[SourceTitle "EXT 2007"]
[Source "ChessBase"]
[SourceDate "2006.11.23"]
[SourceVersion "1"]
[SourceVersionDate "2006.11.23"]
[SourceQuality "1"]

1. e4 c5 2. Nc3 d6 3. f4 Nc6 4. Nf3 g6 5. Bc4 Bg7 6. 0-0 e6 7. d3 Nge7 8. Bb3 0-0 9. Qe1 Nd4 10. Nxd4 cxd4 11. Ne2 d5 12. e5 a5 13. a4 Qb6 14. Kh1 f6 15. exf6 Bxf6 16. g4 Bd7 17. Bd2 Nc6 18. Qg3 Kh8 19. Ng1 Nb4 20. Rae1 Bg7 21. Qf2 Nc6 22. Ra1 Kg8 23. Ne2 Ne7 24. Kg1 Nc6 25. Kh1 Ne7 26. Kg1 Bf6 27. c3 Bg7 1/2-1/2

[Event "MEX-ch op 52nd "]
[Site "Mexico City"]
[Date "2006.04.14"]
[Round "6"]
[White "Mitkov, Nikola"]
[Black "Huertas Carballo, Dayron"]
[Result "1/2-1/2"]
[WhiteElo "2561"]
[BlackElo "2291"]
[PlyCount "134"]
[EventDate "2006.04.11"]
[EventType "swiss"]
[EventRounds "9"]
[EventCountry "MEX"]
[SourceTitle "EXT 2007"]
[Source "ChessBase"]
[SourceDate "2006.11.23"]
[SourceVersion "1"]
[SourceVersionDate "2006.11.23"]
[SourceQuality "1"]

1. e4 e6 2. d4 d5 3. Nc3 dxe4 4. Nxe4 Nf6 5. Bd3 Nxe4 6. Bxe4 Nd7 7. Qe2 Be7 8. Nf3 Nf6 9. Bxb7 Bxb7 10. Qb5+ Qd7 11. Qxb7 0-0 12. 0-0 Rfb8 13. Qa6 Qd5 14. Qe2 Nd7 15. c3 Bd6 16. h3 Re8 17. Re1 e5 18. c4 Qc6 19. Be3 e4 20. Nd2 f5 21. d5 Qb7 22. Bd4 c5 23. dxc6 Qxc6 24. Nf1 Be5 25. Red1 f4 26. Qd2 Qxc4 27. Bxe5 Nxe5 28. Qxf4 Nd3 29. Qe3 Nxb2 30. Rd4 Qf7 31. Rxe4 Nc4 32. Rxe8+ Rxe8 33. Qd4 Ne5 34. a4 Ng6 35. Ng3 Nf4 36. Rb1 h6 37. Rb5 Ne6 38. Qb2 Rd8 39. a5 Rd7 40. Rb8+ Nd8 41. Kh2 Qd5 42. Qe2 Kh7 43. Qe8 Nc6 44. Rc8 Nd8 45. a6 Qd6 46. Qe4+ g6 47. f4 Rf7 48. Qe8 Rf8 49. Qe3 Rf7 50. Ra8 Qc7 51. Qd4 Rd7 52. Qf6 Qc6 53. Qxc6 Nxc6 54. Ne4 Kg7 55. Rc8 Nb4 56. Nc5 Rd5 57. Rb8 Nc6 58. Ne6+ Kf6 59. Nc7 Nxb8 60. Nxd5+ Kf5 61. g4+ Ke4 62. Ne7 Kxf4 63. Nxg6+ Kg5 64. Ne5 Nxa6 65. Nc6 h5 66. Kg3 hxg4 67. hxg4 Nc5 1/2-1/2

[Event "Carlos Torre Memorial op 18th"]
[Site "Merida"]
[Date "2005.12.20"]
[Round "7"]
[White "Huertas Carballo, Dayron"]
[Black "Garcia Martinez, Silvino"]
[Result "1/2-1/2"]
[WhiteElo "2263"]
[BlackElo "2337"]
[PlyCount "87"]
[EventDate "2005.12.15"]
[EventType "swiss"]
[EventRounds "9"]
[EventCountry "MEX"]
[SourceTitle "EXT 2007"]
[Source "ChessBase"]
[SourceDate "2006.11.23"]
[SourceVersion "1"]
[SourceVersionDate "2006.11.23"]
[SourceQuality "1"]

1. e4 c5 2. Nc3 d6 3. f4 a6 4. Nf3 Nc6 5. a4 g6 6. Bc4 Bg7 7. 0-0 e6 8. d3 Nge7 9. Qe1 Nd4 10. Nxd4 cxd4 11. Ne2 d5 12. Bb3 dxe4 13. dxe4 d3 14. Nc3 Nc6 15. Rf3 dxc2 16. Bxc2 Qb6+ 17. Kh1 Nd4 18. Rf2 Nxc2 19. Rxc2 Bd7 20. Be3 Qb4 21. Qf2 Rc8 22. e5 0-0 23. Rd2 Bc6 24. Rd4 Qe7 25. Ne4 Bxe4 26. Rxe4 Rfd8 27. Bb6 Rd5 28. Rd4 Qd7 29. Rxd5 Qxd5 30. Qe2 Qb3 31. a5 f6 32. Re1 fxe5 33. fxe5 Qc4 34. Qxc4 Rxc4 35. g3 Bh6 36. Re2 Kf7 37. b3 Rc3 38. Re4 Bg5 39. Rd4 Ke8 40. b4 Be7 41. Kg2 h5 42. h4 Rc2+ 43. Kf3 Rc1 44. Kg2 1/2-1/2

[Event "Carlos Torre Wimbledon 18th"]
[Site "Merida"]
[Date "2005.12.19"]
[Round "1.2"]
[White "Huertas Carballo, Dayron"]
[Black "Mitkov, Nikola"]
[Result "0-1"]
[WhiteElo "2263"]
[BlackElo "2520"]
[PlyCount "83"]
[EventDate "2005.12.19"]
[EventType "k.o."]
[EventRounds "4"]
[EventCountry "MEX"]
[SourceTitle "CBM 111"]
[Source "ChessBase"]
[SourceDate "2006.04.04"]
[SourceVersion "1"]
[SourceVersionDate "2006.04.04"]
[SourceQuality "1"]

1. e4 e5 2. Nf3 Nc6 3. Bb5 Nf6 4. Bxc6 dxc6 5. d3 Bd6 6. Bg5 h6 7. Be3 Be6 8. Nbd2 c5 9. a3 a5 10. 0-0 Nd7 11. Ne1 Qh4 12. Qe2 0-0 13. g3 Qh3 14. f3 a4 15. Qg2 Qxg2+ 16. Kxg2 Ra5 17. Nc4 Rb5 18. Rb1 Nb6 19. Nxd6 cxd6 20. c4 Rb3 21. Bd2 Na8 22. Bc3 b5 23. Nc2 bxc4 24. dxc4 Bxc4 25. Rfd1 Nc7 26. Ba5 Nb5 27. Na1 Rd3 28. Rxd3 Bxd3 29. Rd1 Bc4 30. Rc1 Be6 31. Nc2 Ra8 32. Be1 Rb8 33. Kf2 f5 34. Ba5 Kf7 35. Ne3 fxe4 36. fxe4 Ke7 37. Rc2 Nd4 38. Rd2 Nb3 39. Bc7 Nxd2 40. Bxb8 Nxe4+ 41. Ke2 Nf6 42. Ke1 0-1

[Event "Santa Clara Salado Cup-A"]
[Site "Santa Clara"]
[Date "2003.02.10"]
[Round "11"]
[White "Huertas Carballo, Dayron"]
[Black "Martinez Duany, Lelys Stanley"]
[Result "1/2-1/2"]
[WhiteElo "2278"]
[BlackElo "2282"]
[PlyCount "82"]
[EventDate "2003.02.03"]
[EventType "tourn"]
[EventRounds "13"]
[EventCountry "CUB"]
[EventCategory "1"]
[SourceTitle "EXT 2004"]
[Source "ChessBase"]
[SourceDate "2003.11.25"]
[SourceVersion "1"]
[SourceVersionDate "2003.11.25"]
[SourceQuality "1"]

1. d4 Nf6 2. c4 g6 3. Nc3 Bg7 4. e4 0-0 5. h3 d6 6. Bg5 c5 7. d5 h6 8. Be3 e6 9. Nf3 exd5 10. cxd5 b5 11. Bxb5 Nxe4 12. Nxe4 Qa5+ 13. Nc3 Bxc3+ 14. bxc3 Qxb5 15. Nd2 Qd3 16. c4 Re8 17. Rb1 Nd7 18. Rb3 Qd4 19. 0-0 Qh4 20. Nf3 Qxc4 21. Bxh6 Ba6 22. Re1 Rxe1+ 23. Qxe1 Qxd5 24. Qe7 Qe6 25. Qh4 f6 26. Re3 Qf7 27. Qg3 Ne5 28. Nh4 Kh7 29. f4 Nc6 30. Nf5 gxf5 31. Qh4 Qg6 32. Bf8+ Kg8 33. Bxd6 Kf7 34. Bxc5 Rg8 35. Qf2 Rg7 36. Qf3 Kg8 37. Qxc6 Bb7 38. Qe8+ Qxe8 39. Rxe8+ Kh7 40. Re2 Be4 41. Bd4 Kg6 1/2-1/2

[Event "Santa Clara Salado Cup-A"]
[Site "Santa Clara"]
[Date "2003.02.09"]
[Round "9"]
[White "Huertas Carballo, Dayron"]
[Black "Pozo Vera, Sandro"]
[Result "1/2-1/2"]
[WhiteElo "2278"]
[BlackElo "2281"]
[PlyCount "92"]
[EventDate "2003.02.03"]
[EventType "tourn"]
[EventRounds "13"]
[EventCountry "CUB"]
[EventCategory "1"]
[SourceTitle "EXT 2004"]
[Source "ChessBase"]
[SourceDate "2003.11.25"]
[SourceVersion "1"]
[SourceVersionDate "2003.11.25"]
[SourceQuality "1"]

1. e4 e6 2. d4 d5 3. Nd2 c5 4. exd5 Qxd5 5. dxc5 Bxc5 6. Ngf3 Nf6 7. Bc4 Qc6 8. Qe2 0-0 9. 0-0 Nbd7 10. Nb3 b6 11. Nxc5 Qxc5 12. Bf4 Bb7 13. b3 Bxf3 14. Qxf3 Ne5 15. Bxe5 Qxe5 16. a4 Rac8 17. Rfe1 Qc5 18. Rad1 Rcd8 19. h3 h6 20. Rd3 Qc7 21. Red1 Qe7 22. Qe3 Qc7 23. c3 Rxd3 24. Qxd3 Qe5 25. Qd4 Qxd4 26. Rxd4 Rc8 27. Kf1 Kf8 28. Ke2 Ke7 29. Ke3 Rd8 30. Rxd8 Kxd8 31. Be2 Kc7 32. Bf3 Nd7 33. b4 Kd6 34. Be2 Nf6 35. Kd4 e5+ 36. Kc4 Nd5 37. Bf3 Nc7 38. Bb7 h5 39. h4 f5 40. g3 g6 41. f3 Ke7 42. Kd3 Kd6 43. Kc4 Ke7 44. Kd3 Kd6 45. Kc4 Ke7 46. Kd3 Kd6 1/2-1/2

[Event "Santa Clara Salado Cup-A"]
[Site "Santa Clara"]
[Date "2003.02.05"]
[Round "3"]
[White "Fernandez Cardoso, Alexey"]
[Black "Huertas Carballo, Dayron"]
[Result "1/2-1/2"]
[WhiteElo "2373"]
[BlackElo "2278"]
[PlyCount "62"]
[EventDate "2003.02.03"]
[EventType "tourn"]
[EventRounds "13"]
[EventCountry "CUB"]
[EventCategory "1"]
[SourceTitle "EXT 2004"]
[Source "ChessBase"]
[SourceDate "2003.11.25"]
[SourceVersion "1"]
[SourceVersionDate "2003.11.25"]
[SourceQuality "1"]

1. e4 c5 2. Nf3 d6 3. d4 cxd4 4. Nxd4 Nf6 5. Nc3 a6 6. Bc4 e6 7. Bb3 b5 8. 0-0 Be7 9. Qf3 Qc7 10. Qg3 b4 11. Nce2 0-0 12. Bh6 Ne8 13. Rad1 Kh8 14. Bg5 Bxg5 15. Qxg5 h6 16. Qh4 Nf6 17. Rfe1 Nc6 18. c3 bxc3 19. Nxc3 Bb7 20. Nxc6 Bxc6 21. Rd4 Rfd8 22. Red1 Rd7 23. Rc4 Rc8 24. Rxc6 Qxc6 25. Ba4 Qb7 26. Bxd7 Qxd7 27. f3 Qb7 28. Qf2 d5 29. exd5 Nxd5 30. Nxd5 exd5 31. b3 Rc3 1/2-1/2

[Event "Santa Clara Salado Cup-A"]
[Site "Santa Clara"]
[Date "2003.02.05"]
[Round "4"]
[White "Huertas Carballo, Dayron"]
[Black "Delgado Ramirez, Neuris"]
[Result "0-1"]
[WhiteElo "2278"]
[BlackElo "2526"]
[PlyCount "72"]
[EventDate "2003.02.03"]
[EventType "tourn"]
[EventRounds "13"]
[EventCountry "CUB"]
[EventCategory "1"]
[SourceTitle "EXT 2004"]
[Source "ChessBase"]
[SourceDate "2003.11.25"]
[SourceVersion "1"]
[SourceVersionDate "2003.11.25"]
[SourceQuality "1"]

1. e4 c5 2. Nc3 a6 3. f4 b5 4. Nf3 Bb7 5. Qe2 Nc6 6. g3 Nd4 7. Nxd4 cxd4 8. Nd1 Rc8 9. d3 e6 10. Bg2 Bb4+ 11. c3 dxc3 12. bxc3 Rxc3 13. 0-0 Rc8 14. Bb2 Bc5+ 15. Kh1 Nf6 16. g4 0-0 17. g5 Ne8 18. d4 Be7 19. Ne3 Nd6 20. d5 Nc4 21. Nxc4 Rxc4 22. f5 exf5 23. Rxf5 g6 24. Rf6 Qc8 25. Qf3 Rc2 26. d6 Bxf6 27. Qxf6 Rxb2 28. Qxb2 Re8 29. Re1 Qc5 30. Qf6 Qb4 31. Rf1 Qc4 32. e5 Bxg2+ 33. Kxg2 Qxa2+ 34. Kg3 Qd5 35. Kh4 b4 36. Rf4 a5 0-1